La transition vers l'economie socialiste
Αποθηκεύτηκε σε:
| Κύριος συγγραφέας: | |
|---|---|
| Μορφή: | Βιβλίο |
| Γλώσσα: | French |
| Δημοσίευση: |
Paris :
F. Maspero,
1971
|
| Σειρά: | Economie et socialisme ;
; 9 |
| Θέματα: | |
| Ετικέτες: |
Προσθήκη ετικέτας
Δεν υπάρχουν, Καταχωρήστε ετικέτα πρώτοι!
|
MARC
| LEADER | 00000cam a2200000 i 4500 | ||
|---|---|---|---|
| 001 | 1/6985 | ||
| 008 | 000619s1971 fre d | ||
| 035 | |l 10062125 | ||
| 040 | |a GR-MY-UA |b gre |e aacr | ||
| 041 | 0 | |a fre | |
| 082 | 0 | |a 335.411 | |
| 100 | 1 | |a Bettelheim, Charles. | |
| 245 | 1 | 3 | |a La transition vers l'economie socialiste / |c Charles Bettelheim |
| 260 | |a Paris : |b F. Maspero, |c 1971 | ||
| 300 | |a 270 p. | ||
| 490 | 1 | |a Economie et socialisme |v ; 9 | |
| 504 | |a Includes bibliographical references | ||
| 650 | 0 | 0 | |a Marxian economics. |
| 650 | 0 | 0 | |a Socialism. |
| 650 | 0 | 0 | |a Prices |z Communist countries. |
| 830 | 0 | |a Economie et socialisme ; |v ; 9 | |
| 852 | |a INST |b LESVOS |e 20000619 |h 335.411 BET |p 005100020628 |q 005100020628 |t BK |y 0 | ||
| 909 | |a Λ |b 035027 | ||
| 970 | |z 2000/06/ΟΙΚΟΝΟΜΟΠΟΥΛΟΥ ΧΡΙΣΤΙΝΑ | ||